000 00871cam a2200289 4500
999 _c20213
_d20213
001 3695612
003 BDDh-ASL
005 20231015025847.0
008 701120s1958 ny b 001 0 eng
010 _a 78518140
015 _aB69-21899
020 _a0198880170
040 _aDLC
_cDLC
_dDLC
_dBDDh-ASL
050 0 0 _aBP50
_b.G5 1969
082 0 0 _a297.09
_bGIM
100 1 _aGibb, H. A. R.
_q(Hamilton Alexander Rosskeen),
_d1895-1971.
245 1 0 _aMohammedanism: an historical survey/
_c[by] H. A. R. Gibb.
250 _a2nd ed. (with revisions)
260 _aNew York:
_bA Mentor Book,
_c1958.
300 _aix, 159 p.
_c18 cm.
350 _a8/-
490 0 _aOxford paperbacks university series, opus 17
504 _aBibliography: p. [132]-137.
650 0 _aIslam
_xHistory.
906 _a7
_bcbc
_corignew
_d3
_encip
_f19
_gy-gencatlg
942 _2ddc
_cBK